| 000 | 00646nam a22002297a 4500 | ||
|---|---|---|---|
| 999 |
_c728 _d728 |
||
| 001 | 4581 | ||
| 003 | BD-DhUAP | ||
| 005 | 20200127122219.0 | ||
| 008 | 200127s2001 ii a|||| |||| 001 0 eng d | ||
| 020 | _a0072314885 | ||
| 040 |
_aBD-DhUAP _bEng _cBD-DhUAP _dBD-DhUAP |
||
| 082 |
_223 _a330 SAM |
||
| 100 | _aSamuelson, Paul A. | ||
| 245 |
_aEconomics / _cPaul A. Samuelson and William D. Nordhaus. |
||
| 250 | _a17th ed. | ||
| 260 |
_aNew Delhi : _bMcGraw hill Irwin, _cc2001. |
||
| 300 |
_axxiv, 792 pages : _billustrations ; _c23 cm. |
||
| 500 | _aIncludes index. | ||
| 650 | _aEconomics. | ||
| 700 | _aNordhaus, William D. | ||
| 942 |
_2ddc _cBK |
||